01081nam a2200169Ia 4500008004100000020001500041050002100056100002900077245005100106250001800157260004200175300004100217500014200258505046800400650001700868650002600885120626s1991 mx a 000 0 spa d a9684801955 aHF5651bP74 1991 aPrieto, Alejandroeautor aSistemas de contabilidadc / Alejandro, Prieto a8a. edición aMéxicob : Banca y Comercioc, 1991 axxi, 319 páginasb : ilustraciones aIncluye: índice de materias (pp. vii-xix) Incluye: índice de ilustraciones (pp. xi-xiii) Incluye: índice alfabético (pp. 315-319) aLa empresa El departamento de personal El departamento de almacén (compras) El departamento de almacén (inventarios) El departamento de producción Las ventas, el crédito y las cobranzas Custodia y movimiento de fondos El departamento de contabilidad Las cuentas en moneda extranjera Los sistemas manuales de procesamiento Sistema de registro directo Máquinas de contabilidad El procesamiento electrónico de datos La automatización de la contabilidad14aCONTABILIDAD24aTENEDURÍA DE LIBROS